000 00539cam a2200193ua 4500
001 11480
008 190923n ii |||gr||||Z||||||asm
020 _a9789382164937
040 _cMAIN
082 _a398.0954162
100 _aUpen Rabha Hakacham . ,
_eAuthor.,
245 _aAsamiya aru asamar jati-janagosthi :
_bprasanga-anusanga /
_cBy Upen Rabha Hakacham .
250 _a2nd ed.
260 _aDhemaji:
_bKiran prakashan,
_c2017.
300 _a472p.
653 _aFolklore
653 _aEssays on assamese culture
942 _cBK
999 _c10313
_d10313